Green Taxes in Morocco for Sustainable Production and Consumption

Predstavenie uplatňovaných ekologických daní v Maroku, porovnanie ich uplatňovania, posúdenie vzájomného vzťahu daňovej a environmentálnej politiky, prezentovanie príjmov z ekologických daní v rozpočte, ako aj použitie týchto daní na podporu udržateľného rozvoja, či obehového hospodárstva. Porovnani...

Description complète

Enregistré dans:
Détails bibliographiques
Auteur principal: Ďurinová, Ivona, 1964-
Format: Chapitre de livre
Langue:anglais
Sujets:
Tags: Ajouter un tag
Pas de tags, Soyez le premier à ajouter un tag!

MARC

LEADER 00000naa$a2200000$$$4500
001 0306529
005 20250127080104.6
041 0 |a eng 
044 |a CZ 
245 1 0 |a Green Taxes in Morocco for Sustainable Production and Consumption  |c Ivona Ďurinová 
520 |a Predstavenie uplatňovaných ekologických daní v Maroku, porovnanie ich uplatňovania, posúdenie vzájomného vzťahu daňovej a environmentálnej politiky, prezentovanie príjmov z ekologických daní v rozpočte, ako aj použitie týchto daní na podporu udržateľného rozvoja, či obehového hospodárstva. Porovnanie výšky príjmov z rôznych druhov ekologickéých daní a ich podiel na HDP. Skúmajú sa ekologické dane v Maroku so zameraním na ekologické dane, ktoré súvisia s prírodnými zdrojmi. 
610 2 0 |a dane 
610 2 0 |a dane ekologické 
610 2 0 |a udržateľnosť 
610 2 0 |a rozvoj hospodársky 
610 2 0 |a politika daňová 
610 2 0 |a politika ekologická 
610 2 0 |a politika environmentálna 
610 2 0 |a príjmy 
100 1 |a Ďurinová, Ivona, 1964-